000 02472nam a22003617a 4500
001 BRCA_9209
003 FranzMayer
005 20220809135157.0
008 220720b |||||||| |||| 00| 0 eng d
020 _a9788494441547
040 _bspa
_cMFM
041 _aspa
050 _aF1386.23.A2
_bF96 2015
245 _aFundaciones virreinales que dieron forma a la Ciudad de México
260 _aEspaña :
_bEl Viso
_c2015
260 _bNacional Monte de Piedad, IAP,
_c2015
300 _a283 p. :
_bil., fot. ;
_c28.5 x 32
500 _aUbicación: L59-N5
500 _aIncluye imagen de la Colección Franz Mayer (p. 81)
500 _aÍndice (p. 11)
504 _aBibliografía: pp. 281-283
505 2 _tPrólogo /
_rRicardo Raphael de la Madrid
505 2 _tEstampas de la Ciudad de México. Siglos XIX-XXI /
_rSandra Ortega y Patricia Ruvalcaba
505 2 _tEnfermar y sanar: El Hospital de Jesús y su presencia en la Ciudad de México /
_rClaudia Itzkowick
505 2 _tAprender y enseñar: El Colegio de San Ignacio de Loyola Vizcaínas y el centro histórico a su alrededor /
_rClaudia Itzkowick
505 2 _tEmpeñados en vivir: Nacional Monte de Piedad, parada cotidiana en la capital /
_rClaudia Itzkowick
520 _aEste libro describe cómo se desenvolvía la vida cotidiana en la Ciudad de México desde los últimos momentos del Virreinato de Nueva España hasta el México independiente de nuestros días; describe las costumbres sociales, económicas y religiosas de una sociedad civil en constante evolución pero, sobre todo, pretende dar una breve cisión de cómo se organizó la vida en común durante el proceso de construcción de la nueva nación mexicana en torno a tres aspectos básicos para el desarrollo de una sociedad: la salud, la educación y las finanzas. Estas áreas fundamentales están íntimamente ligadas a tres de los pilares institucionales más importantes de México: el Hospital de la Purísima Concepción, hoy Hospital de Jesús, el Colegio de San Ignacio de Loyola Vizcaínas, conocido comúnmente como el Colegio de las Vizcaínas, y el Sacro y Real Monte de Piedad y Ánimas, hoy Nacional Monte de Piedad.
610 _aHospital de Jesús (Mexico City, Mexico)
_xHistoria
_928469
610 _aColegio de San Ignacio de Loyola Vizcaínas (Mexico City, Mexico)
_xHistoria
_928470
610 _aNacional Monte de Piedad (Mexico)
_xHistoria
_928471
942 _2lcc
_cB
999 _c10828
_d10828